000 00585cam a2200157 4500500
005 20260201100154.0
041 _afre
042 _adc
100 1 0 _aMartinot-Lagarde, Pierre
_eauthor
245 0 0 _aL'éditorial
260 _c2006.
500 _a96
520 _aResumé Dans la quête de justice, il y a une temsion entre les aspirations à l’exactitude et une reconnaissance plus fondamentale et gratuite.
786 0 _nRevue Projet | 290 | 1 | 2006-01-01 | p. 1-1 | 0033-0884
856 4 1 _uhttps://shs.cairn.info/revue-projet-2006-1-page-1?lang=fr&redirect-ssocas=7080
999 _c1640891
_d1640891